| 000 | 00948nmm a2200277 a 4500 | ||
|---|---|---|---|
| 001 | ocm0001520811 | ||
| 003 | TR-IsHL | ||
| 005 | 20201028162555.0 | ||
| 008 | 170122s2013 tu tur | ||
| 007 | cr cn | ||
| 020 | _a9786051313849 | ||
| 035 |
_a1520811 _b(N$T) |
||
| 050 | 0 | 4 |
_aPL248.Y85 _bI9 2013 |
| 090 | 0 | 4 |
_aPL248.Y85 _bI9 2013 |
| 100 | 1 | _aYüksel, Rabia Nazik | |
| 245 | 1 | 0 |
_aİyi ki var hüzün iyi ki var mutluluk _h[electronic resource] / _cRabia Nazik Yüksel ; editör Ayşenur Güneş |
| 260 |
_aİstanbul : _bNesil Yayınları, _c2013 |
||
| 300 | _a225 p. | ||
| 650 | 4 | _aDil ve Edebiyat | |
| 650 | 4 | _aLanguage and Literature | |
| 650 | 0 | _aTürk edebiyatı, çeşitli | |
| 650 | 0 | _aTurkish literature, miscellanea | |
| 650 | 7 |
_aLITERARY COLLECTIONS / Middle Eastern _2bisacsh |
|
| 700 | 1 | _aGüneş, Ayşenur | |
| 856 | 4 | 0 | _uhttp://search.ebscohost.com/login.aspx?direct=true&scope=site&db=e011xww&AN=1520811 |
| 999 |
_c14840 _d14840 |
||